|
|
|
|
| LEADER |
00000nab a2200000ua 4500 |
| 001 |
vtls010760330 |
| 003 |
SK-MaSNL |
| 005 |
20260304202727.0 |
| 008 |
250718s1990 xo |||||||||||||||||slo| |
| 035 |
|
|
|a (urnnbn)urn:nbn:sk:snk:ar-a038s5
|
| 035 |
|
|
|a (uuid)dbff07dd-39d0-4412-be2d-ccf448bb2a96
|
| 035 |
|
|
|a urn:nbn:sk:snk-ab558o
|
| 040 |
|
|
|a SNKBUCL
|b slo
|c SNKBUCL
|e AACR2
|
| 041 |
0 |
|
|a slo
|
| 044 |
|
|
|a xo
|c SK
|
| 100 |
1 |
|
|a Nevrlý, Mikuláš,
|d 1916-2019
|4 aut
|9 196318
|
| 245 |
1 |
0 |
|a NARODNA TVORČISŤ TA ETNOHRAFIJA
|c Mikuláš Nevrlý
|
| 773 |
0 |
|
|t Slovenský národopis : časopis Slovenskej akadémie vied
|g Roč. 38, č. 4 (1990), s. 640-641
|
| 850 |
|
|
|a Slovenská národná knižnica
|
| 852 |
|
|
|a Slovenská národná knižnica
|
| 954 |
|
|
|a odborná, vedecká literatúra pôvodná (slovenská)
|2 lita
|
| 958 |
|
|
|a article3
|
| 958 |
|
|
|a OND
|
| 958 |
|
|
|a EUIPO
|
| 999 |
|
|
|c 3105042
|d 3106972
|